Liste des courses de Mario Kart DS - Statistiques

Statistiques générales
  • Ce quiz a été pris 62 fois
  • Le résultat moyen est 17 sur 32
Statistiques - réponses
Coupes Circuits % Correct
Coupe Spéciale Route Arc-en-Ciel
89%
Coupe Spéciale Château de Bowser
85%
Coupe Champignon Circuit en 8
85%
Coupe Spéciale Jardin Peach
81%
Coupe Étoile Circuit Mario
77%
Coupe Fleur Flipper Waluigi
72%
Coupe Champignon Manoir de Luigi
72%
Coupe Champignon Plage Cheep Cheep
70%
Coupe Fleur Quartier Delfino
66%
Coupe Étoile Bateau Volant
64%
Coupe Spéciale Stade Wario
62%
Coupe Champignon Cascades Yoshi
60%
Coupe Fleur Corniche Champignon
60%
Coupe Étoile Horloge Tic-Tac
60%
Coupe Fleur Désert du Soleil
57%
Coupe Étoile Alpes DK
55%
Coupe Feuille N64 Montagne Choco
38%
Coupe Banane GBA Château de Bowser 2
36%
Coupe Éclair GCN Circuit Yoshi
36%
Coupe Carapace N64 Ferme Meuh Meuh
36%
Coupe Carapace SNES Circuit Mario 1
36%
Coupe Carapace GBA Circuit Peach
34%
Coupe Banane GCN Parc Baby
34%
Coupe Éclair N64 Ponton Lugubre
34%
Coupe Éclair SNES Île Choco 2
34%
Coupe Feuille SNES Plage Koopa 2
34%
Coupe Feuille GBA Circuit Luigi
32%
Coupe Carapace GCN Circuit Luigi
32%
Coupe Feuille GCN Pont Champignon
32%
Coupe Banane N64 Route Glagla
32%
Coupe Éclair GBA Jardin Volant
30%
Coupe Banane SNES Plaine Donut 1
30%
Aucun quiz correspondant
Distribution des résultats
% des personnes avec chaque résultat
Percentile par nombre de réponses
Votre historique - résultats
Vous n’avez pas pris ce quiz